<?xml version="1.0" encoding="UTF-8"?>
<collection xmlns="http://www.loc.gov/MARC21/slim">
 <record>
  <leader>02127nam a22004697a 4500</leader>
  <controlfield tag="001">000017113</controlfield>
  <controlfield tag="003">CZ-PrVSE</controlfield>
  <controlfield tag="005">20020204000000.0</controlfield>
  <controlfield tag="008">010208s2000    xr            ||||| cze |</controlfield>
  <datafield tag="015" ind1=" " ind2=" ">
   <subfield code="a">cnb000991869</subfield>
  </datafield>
  <datafield tag="020" ind1=" " ind2=" ">
   <subfield code="a">80-902168-6-2</subfield>
   <subfield code="q">(brož.)</subfield>
  </datafield>
  <datafield tag="035" ind1=" " ind2=" ">
   <subfield code="a">(OCoLC)85011934</subfield>
  </datafield>
  <datafield tag="040" ind1=" " ind2=" ">
   <subfield code="a">ABA006</subfield>
   <subfield code="b">cze</subfield>
   <subfield code="c">ABA006</subfield>
   <subfield code="d">ABA006</subfield>
  </datafield>
  <datafield tag="041" ind1="0" ind2=" ">
   <subfield code="a">cze</subfield>
  </datafield>
  <datafield tag="044" ind1=" " ind2=" ">
   <subfield code="a">xr</subfield>
  </datafield>
  <datafield tag="080" ind1=" " ind2=" ">
   <subfield code="a">504(437.1/.2)</subfield>
  </datafield>
  <datafield tag="080" ind1=" " ind2=" ">
   <subfield code="a">504.06</subfield>
  </datafield>
  <datafield tag="080" ind1=" " ind2=" ">
   <subfield code="a">33:504</subfield>
  </datafield>
  <datafield tag="099" ind1=" " ind2="9">
   <subfield code="a">504ENV</subfield>
  </datafield>
  <datafield tag="110" ind1="2" ind2=" ">
   <subfield code="a">Vysoká škola ekonomická v Praze</subfield>
   <subfield code="7">kn20010709403</subfield>
  </datafield>
  <datafield tag="245" ind1="1" ind2="0">
   <subfield code="a">Environmentální ekonomie, politika a vnější vztahy České republiky :</subfield>
   <subfield code="b">příspěvky na 2. seminář doktorandských studentů a mladých vědeckých a výzkumných pracovníků &quot;u kulatého stolu&quot;, Praha, 2000 /</subfield>
   <subfield code="c">[editor Petr Šauer]</subfield>
  </datafield>
  <datafield tag="260" ind1=" " ind2=" ">
   <subfield code="a">Praha :</subfield>
   <subfield code="b">Nakladatelství a vydavatelství litomyšlského semináře,</subfield>
   <subfield code="c">2000</subfield>
  </datafield>
  <datafield tag="300" ind1=" " ind2=" ">
   <subfield code="a">187 s. :</subfield>
   <subfield code="b">il.</subfield>
  </datafield>
  <datafield tag="500" ind1=" " ind2=" ">
   <subfield code="a">Anglické resumé</subfield>
  </datafield>
  <datafield tag="650" ind1="0" ind2="7">
   <subfield code="a">environmentální ekonomie</subfield>
   <subfield code="7">ph114477</subfield>
   <subfield code="2">czenas</subfield>
  </datafield>
  <datafield tag="650" ind1="0" ind2="7">
   <subfield code="a">environmentální politika</subfield>
   <subfield code="7">ph119960</subfield>
   <subfield code="2">czenas</subfield>
  </datafield>
  <datafield tag="650" ind1="0" ind2="7">
   <subfield code="a">životní prostředí</subfield>
   <subfield code="7">ph135446</subfield>
   <subfield code="2">czenas</subfield>
  </datafield>
  <datafield tag="651" ind1=" " ind2="7">
   <subfield code="a">Česko</subfield>
   <subfield code="7">ge128065</subfield>
   <subfield code="2">czenas</subfield>
  </datafield>
  <datafield tag="655" ind1=" " ind2="7">
   <subfield code="a">sborníky</subfield>
   <subfield code="7">fd163935</subfield>
   <subfield code="2">czenas</subfield>
  </datafield>
  <datafield tag="650" ind1="0" ind2="9">
   <subfield code="a">environmental economics</subfield>
   <subfield code="2">eczenas</subfield>
  </datafield>
  <datafield tag="650" ind1="0" ind2="9">
   <subfield code="a">environmental policy</subfield>
   <subfield code="2">eczenas</subfield>
  </datafield>
  <datafield tag="650" ind1="0" ind2="9">
   <subfield code="a">environment</subfield>
   <subfield code="2">eczenas</subfield>
  </datafield>
  <datafield tag="651" ind1=" " ind2="9">
   <subfield code="a">Czechia</subfield>
   <subfield code="2">eczenas</subfield>
  </datafield>
  <datafield tag="700" ind1="1" ind2=" ">
   <subfield code="a">Šauer, Petr</subfield>
   <subfield code="7">jx20040116008</subfield>
   <subfield code="4">edt</subfield>
  </datafield>
  <datafield tag="711" ind1="2" ind2=" ">
   <subfield code="a">Environmentální ekonomie, politika a vnější vztahy České republiky</subfield>
   <subfield code="n">(2 :</subfield>
   <subfield code="d">2000 :</subfield>
   <subfield code="c">Praha)</subfield>
  </datafield>
  <datafield tag="993" ind1=" " ind2=" ">
   <subfield code="a">000989746</subfield>
  </datafield>
  <datafield tag="996" ind1=" " ind2=" ">
   <subfield code="1">HPUVV</subfield>
   <subfield code="3">A 3057-V1</subfield>
   <subfield code="5">4202116383</subfield>
   <subfield code="8">20030827</subfield>
   <subfield code="9">502ENV</subfield>
   <subfield code="f">81</subfield>
   <subfield code="l">UEP01</subfield>
   <subfield code="m">BOOK</subfield>
   <subfield code="q">Knihovna FM JH volný výběr</subfield>
   <subfield code="t">na 1 měsíc</subfield>
   <subfield code="u">UEP01</subfield>
   <subfield code="w">20030827</subfield>
  </datafield>
  <datafield tag="996" ind1=" " ind2=" ">
   <subfield code="1">PDPZ2</subfield>
   <subfield code="3">F182193</subfield>
   <subfield code="5">3142128854</subfield>
   <subfield code="8">20030807</subfield>
   <subfield code="9">504ENV</subfield>
   <subfield code="f">81</subfield>
   <subfield code="l">UEP01</subfield>
   <subfield code="m">BOOK</subfield>
   <subfield code="q">Knihovna Žižkov depoz. 2</subfield>
   <subfield code="t">na 1 měsíc</subfield>
   <subfield code="u">UEP01</subfield>
   <subfield code="w">20060531</subfield>
  </datafield>
  <datafield tag="996" ind1=" " ind2=" ">
   <subfield code="1">PDPZ2</subfield>
   <subfield code="3">F182193b</subfield>
   <subfield code="5">3142128856</subfield>
   <subfield code="8">20030807</subfield>
   <subfield code="9">504ENV</subfield>
   <subfield code="f">81</subfield>
   <subfield code="l">UEP01</subfield>
   <subfield code="m">BOOK</subfield>
   <subfield code="q">Knihovna Žižkov depoz. 2</subfield>
   <subfield code="t">na 1 měsíc</subfield>
   <subfield code="u">UEP01</subfield>
   <subfield code="w">20030918</subfield>
  </datafield>
  <datafield tag="996" ind1=" " ind2=" ">
   <subfield code="1">PJMSK</subfield>
   <subfield code="3">F182193a</subfield>
   <subfield code="5">3142128855</subfield>
   <subfield code="8">20030807</subfield>
   <subfield code="9">504ENV</subfield>
   <subfield code="f">81</subfield>
   <subfield code="l">UEP01</subfield>
   <subfield code="m">BOOK</subfield>
   <subfield code="q">Knihovna JM - sklad</subfield>
   <subfield code="t">na 1 měsíc</subfield>
   <subfield code="u">UEP01</subfield>
   <subfield code="w">20030918</subfield>
  </datafield>
 </record>
</collection>
